<?xml version="1.0" encoding="UTF-8"?>
<record
    xmlns:xsi="http://www.w3.org/2001/XMLSchema-instance"
    xsi:schemaLocation="http://www.loc.gov/MARC21/slim http://www.loc.gov/standards/marcxml/schema/MARC21slim.xsd"
    xmlns="http://www.loc.gov/MARC21/slim">

  <leader>00694nam a2200241Ia 4500</leader>
  <controlfield tag="001">dia_2259</controlfield>
  <controlfield tag="003">CHAP</controlfield>
  <controlfield tag="005">20240307112758.0</controlfield>
  <controlfield tag="008">220601s9999    xx            000 0 und d</controlfield>
  <datafield tag="020" ind1=" " ind2=" ">
    <subfield code="a">84-89922-13-6</subfield>
  </datafield>
  <datafield tag="040" ind1=" " ind2=" ">
    <subfield code="a">MXCHPUA</subfield>
    <subfield code="c">CHAP</subfield>
  </datafield>
  <datafield tag="082" ind1=" " ind2=" ">
    <subfield code="a">664.92 M33</subfield>
  </datafield>
  <datafield tag="100" ind1=" " ind2=" ">
    <subfield code="a">Madrid, Antonio</subfield>
    <subfield code="9">151812</subfield>
  </datafield>
  <datafield tag="245" ind1=" " ind2=" ">
    <subfield code="a">Aprovechamiento de los Subproductos C&#xE1;rnicos/ por Antonio Madrid</subfield>
  </datafield>
  <datafield tag="260" ind1=" " ind2=" ">
    <subfield code="a">Madrid, Espa&#xF1;a: Mundi-Prensa</subfield>
  </datafield>
  <datafield tag="300" ind1=" " ind2=" ">
    <subfield code="a">324 p.</subfield>
  </datafield>
  <datafield tag="500" ind1=" " ind2=" ">
    <subfield code="a">I.199781 c.1I.226788 c.2</subfield>
  </datafield>
  <datafield tag="600" ind1=" " ind2=" ">
    <subfield code="a">1.Productos de Residuos.&#xCC;</subfield>
    <subfield code="9">175776</subfield>
  </datafield>
  <datafield tag="901" ind1=" " ind2=" ">
    <subfield code="a">664.92 M33</subfield>
  </datafield>
  <datafield tag="902" ind1=" " ind2=" ">
    <subfield code="a">M</subfield>
  </datafield>
  <datafield tag="905" ind1=" " ind2=" ">
    <subfield code="a">0000001999                          MADA   0000000000ESP00</subfield>
  </datafield>
  <datafield tag="942" ind1=" " ind2=" ">
    <subfield code="c">LIBRO</subfield>
    <subfield code="2">ddc</subfield>
  </datafield>
  <datafield tag="999" ind1=" " ind2=" ">
    <subfield code="c">209299</subfield>
    <subfield code="d">209299</subfield>
  </datafield>
  <datafield tag="952" ind1=" " ind2=" ">
    <subfield code="0">0</subfield>
    <subfield code="1">0</subfield>
    <subfield code="2">ddc</subfield>
    <subfield code="4">0</subfield>
    <subfield code="7">0</subfield>
    <subfield code="8">GRAL</subfield>
    <subfield code="a">IA_</subfield>
    <subfield code="b">IA_</subfield>
    <subfield code="d">2022-06-01</subfield>
    <subfield code="l">2</subfield>
    <subfield code="o">664.92 M33</subfield>
    <subfield code="p">dia_6055</subfield>
    <subfield code="r">2024-10-28 18:28:03</subfield>
    <subfield code="s">2024-10-28</subfield>
    <subfield code="t">2</subfield>
    <subfield code="w">2022-06-01</subfield>
    <subfield code="y">LIBRO</subfield>
  </datafield>
  <datafield tag="952" ind1=" " ind2=" ">
    <subfield code="0">0</subfield>
    <subfield code="1">0</subfield>
    <subfield code="2">ddc</subfield>
    <subfield code="4">0</subfield>
    <subfield code="7">0</subfield>
    <subfield code="8">GRAL</subfield>
    <subfield code="a">IA_</subfield>
    <subfield code="b">IA_</subfield>
    <subfield code="d">2022-06-01</subfield>
    <subfield code="l">4</subfield>
    <subfield code="o">664.92 M33</subfield>
    <subfield code="p">dia_4739</subfield>
    <subfield code="r">2024-09-09 19:28:20</subfield>
    <subfield code="s">2024-09-09</subfield>
    <subfield code="t">1</subfield>
    <subfield code="w">2022-06-01</subfield>
    <subfield code="y">LIBRO</subfield>
  </datafield>
</record>
